AHL Teams - Statistics

General Stats
  • This quiz has been taken 209 times
  • The average score is 22 of 32
Answer Stats
NHL Affiliate Answer % Correct
BOS Providence Bruins
83%
TOR Toronto Marlies
81%
WSH Hersey Bears
80%
PIT Wilkes-Barre/Scranton Penguins
80%
VGK Henderson Silver Knights
75%
CAR Chicago Wolves
73%
MIN Iowa Wild
73%
MTL Laval Rocket
73%
PHI Lehigh Valley Phantoms
73%
DAL Texas Stars
73%
VAN Abbotsford Canucks
71%
LAK Ontario Reign
71%
NYI Bridgeport Islanders
70%
UTA Tucson Roadrunners
70%
SJS San Jose Barracuda
69%
TBL Syracuse Crunch
68%
BUF Rochester Americans
67%
FLA Charlotte Checkers
66%
SEA Coachella Valley Firebirds
65%
WPG Manitoba Moose
65%
NSH Milwaukee Admirals
65%
OTT Bellevile Senators
64%
COL Colorado Eagles
64%
ANA San Diego Gulls
64%
DET Grand Rapids Griffins
63%
NYR Hartford Wolfpack
63%
CHI Rockford Icehogs
61%
EDM Bakersfield Condors
60%
CBJ Cleveland Monsters
60%
NJD Utica Comets
57%
CGY Calgary Wranglers
54%
STL Springfield Thunderbirds
53%
No matching quizzes found
Score Distribution
Percent of People with Each Score
Percentile by Number Answered
Your Score History
You have not taken this quiz